| 000 | 00534cam a2200145 4500500 | ||
|---|---|---|---|
| 005 | 20251228082901.0 | ||
| 041 | _afre | ||
| 042 | _adc | ||
| 100 | 1 | 0 |
_aBlanc, André _eauthor |
| 245 | 0 | 0 | _aRoger Duchêne, être femme au temps de Louis XIV, Paris, Perrin, 2004. Un vol. 15 × 24 cm de 432 p. |
| 260 | _c2005. | ||
| 500 | _a14 | ||
| 786 | 0 | _nDix-septième siècle | 226 | 1 | 2005-03-01 | p. 165f-186f | 0012-4273 | |
| 856 | 4 | 1 | _uhttps://shs.cairn.info/revue-dix-septieme-siecle-2005-1-page-165f?lang=fr&redirect-ssocas=7080 |
| 999 |
_c1599975 _d1599975 |
||